[Event "Vall del Tenes op 4th"]
[Site "Santa Eulalia de Roncana"]
[Date "2015.06.05"]
[Round "8"]
[White "Creixell Robert, Francesc"]
[Black "Barea Serra, Josep"]
[Result "1/2-1/2"]
[WhiteElo "1935"]
[BlackElo "1902"]
[PlyCount "52"]
[EventDate "2015.04.10"]
[EventType "swiss"]
[EventRounds "8"]
[EventCountry "ESP"]
[SourceTitle "EXT 2016"]
[Source "ChessBase"]
[SourceDate "2015.10.08"]
[SourceVersion "1"]
[SourceVersionDate "2015.10.08"]
[SourceQuality "1"]

1. e4 Nf6 2. e5 Nd5 3. d4 d6 4. c4 Nb6 5. exd6 exd6 6. Nc3 Be7 7. Bd3 Nc6 8. Nge2 Nb4 9. Bb1 0-0 10. b3 Bg4 11. 0-0 Bf6 12. Be3 Bh5 13. Qd2 a5 14. Nf4 Bg6 15. Nxg6 hxg6 16. Ne2 d5 17. c5 Nd7 18. Nf4 Nxc5 19. dxc5 Bxa1 20. Bxg6 Qf6 21. Nxd5 Nxd5 22. Qxd5 Qxg6 23. Rxa1 b5 24. h4 Qf6 25. Rb1 Rfd8 26. Qb7 Qxh4 1/2-1/2

[Event "Vall del Tenes op 4th"]
[Site "Santa Eulalia de Roncana"]
[Date "2015.04.17"]
[Round "2"]
[White "Cordomi Fons, Francesco"]
[Black "Creixell Robert, Francesc"]
[Result "1-0"]
[WhiteElo "2067"]
[BlackElo "1935"]
[PlyCount "39"]
[EventDate "2015.04.10"]
[EventType "swiss"]
[EventRounds "8"]
[EventCountry "ESP"]
[SourceTitle "CBM 166 Extra"]
[Source "ChessBase"]
[SourceDate "2015.06.18"]
[SourceVersion "1"]
[SourceVersionDate "2015.06.18"]
[SourceQuality "1"]

1. f4 d5 2. Nf3 Bf5 3. e3 e6 4. d4 Nf6 5. c4 c6 6. Nc3 Be7 7. Be2 0-0 8. Ne5 Ne4 9. 0-0 Nd7 10. c5 Nxe5 11. fxe5 f6 12. exf6 Rxf6 13. Bd3 Qc7 14. Nxe4 dxe4 15. Bc4 Rg6 16. Rxf5 Kh8 17. Rf1 Bh4 18. Qh5 Qe7 19. Bd2 Rh6 20. Qf7 1-0

[Event "Llinars del Valles Tardor op 6th"]
[Site "Llinars del Valles"]
[Date "2014.10.17"]
[Round "3"]
[White "Catarineu Morales, Alex"]
[Black "Creixell Robert, Francesc"]
[Result "1-0"]
[WhiteElo "2076"]
[BlackElo "1850"]
[PlyCount "91"]
[EventDate "2014.10.03"]
[EventType "swiss"]
[EventRounds "8"]
[EventCountry "ESP"]
[SourceTitle "CBM 163 Extra"]
[Source "ChessBase"]
[SourceDate "2014.12.23"]
[SourceVersion "1"]
[SourceVersionDate "2014.12.23"]
[SourceQuality "1"]

1. e4 e5 2. Nf3 Nc6 3. Bb5 a6 4. Bxc6 dxc6 5. 0-0 Bg4 6. h3 Bxf3 7. Qxf3 Qf6 8. Qb3 0-0-0 9. d3 Bd6 10. Nd2 Qe6 11. Qxe6+ fxe6 12. Nc4 Ne7 13. Bg5 Kd7 14. f4 exf4 15. Bxf4 Bxf4 16. Rxf4 Rdf8 17. Ne5+ Ke8 18. Raf1 Rxf4 19. Rxf4 Ng6 20. Nxg6 hxg6 21. d4 Ke7 22. Kf2 g5 23. Rf3 Rh6 24. Ke3 Rg6 25. e5 g4 26. Rg3 Kf7 27. hxg4 Rh6 28. g5 Rh8 29. g6+ Ke7 30. Rf3 Rf8 31. a4 a5 32. c4 b6 33. Ke4 Ke8 34. d5 c5 35. Rxf8+ Kxf8 36. dxe6 c6 37. Kf5 Ke8 38. e7 Kxe7 39. e6 Kd6 40. b3 b5 41. g3 bxa4 42. bxa4 Ke7 43. Ke5 Kd8 44. Kd6 Ke8 45. Kxc6 Ke7 46. Kd5 1-0

[Event "Llinars del Valles Tardor op 6th"]
[Site "Llinars del Valles"]
[Date "2014.10.03"]
[Round "1"]
[White "Creixell Robert, Francesc"]
[Black "Bayon Palomino, Joan J"]
[Result "1-0"]
[WhiteElo "1850"]
[BlackElo "2118"]
[PlyCount "113"]
[EventDate "2014.10.03"]
[EventType "swiss"]
[EventRounds "8"]
[EventCountry "ESP"]
[SourceTitle "CBM 163 Extra"]
[Source "ChessBase"]
[SourceDate "2014.12.23"]
[SourceVersion "1"]
[SourceVersionDate "2014.12.23"]
[SourceQuality "1"]

1. d4 Nf6 2. Bg5 d5 3. Bxf6 exf6 4. e3 f5 5. g3 Nd7 6. Bg2 Nf6 7. Ne2 Bd6 8. Nd2 0-0 9. 0-0 c6 10. c4 Be6 11. cxd5 Nxd5 12. Nc3 Bc7 13. Nb3 Rc8 14. Qf3 g6 15. Rfd1 Kg7 16. Qe2 h5 17. Nxd5 cxd5 18. h4 b6 19. Rac1 Re8 20. f4 Re7 21. Rd2 Bb8 22. Qd1 Rec7 23. Rdc2 Rxc2 24. Rxc2 Rxc2 25. Qxc2 Qc7 26. Qxc7 Bxc7 27. Nd2 b5 28. Kf2 Kf6 29. Nb3 Bb6 30. Ke2 Ke7 31. Kd3 Kd6 32. Nd2 a5 33. Kc2 f6 34. Nf3 Bd7 35. Bf1 Kc6 36. Bg2 Bd8 37. Bf1 Kb6 38. Bg2 b4 39. b3 Bb5 40. Ne1 Kc6 41. Nd3 Bxd3+ 42. Kxd3 g5 43. Bf3 g4 44. Bg2 Kd6 45. Kc2 Ke6 46. Bf1 Be7 47. Bb5 Bf8 48. Be8 Bg7 49. Bxh5 Bf8 50. Be8 Bh6 51. Bc6 Kd6 52. Bb7 Kc7 53. Bxd5 Kd6 54. Bc4 Bf8 55. Kd3 Bg7 56. Ba6 Kc7 57. Kc4 1-0

[Event "Vall del Tenes op 3rd"]
[Site "Santa Eulalia de Roncana"]
[Date "2014.06.06"]
[Round "7"]
[White "Valls Matheu, Albert"]
[Black "Creixell Robert, Francesc"]
[Result "0-1"]
[WhiteElo "1700"]
[BlackElo "1776"]
[PlyCount "78"]
[EventDate "2014.04.25"]
[EventType "swiss"]
[EventRounds "8"]
[EventCountry "ESP"]
[SourceTitle "CBM 160 Extra"]
[Source "ChessBase"]
[SourceDate "2014.07.01"]
[SourceVersion "1"]
[SourceVersionDate "2014.07.01"]
[SourceQuality "1"]

1. e4 c5 2. Nc3 Nc6 3. Nf3 d6 4. Bc4 Nf6 5. h3 e6 6. a3 a6 7. d3 Be7 8. Bf4 0-0 9. 0-0 Rb8 10. Qd2 e5 11. Bh2 Nd4 12. Nxd4 cxd4 13. Nd5 Nxd5 14. Bxd5 Be6 15. a4 Bxd5 16. exd5 Rc8 17. Rfe1 Kh8 18. b3 Rc3 19. Ra2 Qc7 20. Bg3 Rc8 21. Re2 Qc5 22. Bxe5 dxe5 23. Rxe5 Bf6 24. Rf5 Qe7 25. g4 g6 26. Rf3 R3c5 27. Qb4 Kg8 28. Ra1 Rxd5 29. Qb6 Bg7 30. Kf1 Qc7 31. Qb4 Re5 32. Rf4 Re7 33. Re4 Rxe4 34. dxe4 d3 35. Rd1 dxc2 36. Rc1 Bb2 37. Qd2 Bxc1 38. Qxc1 Rd8 39. Ke2 Rd1 0-1

[Event "Vall del Tenes op 3rd"]
[Site "Santa Eulalia de Roncana"]
[Date "2014.05.30"]
[Round "6"]
[White "Creixell Robert, Francesc"]
[Black "Cordomi Fons, Francesco"]
[Result "0-1"]
[WhiteElo "1776"]
[BlackElo "2047"]
[PlyCount "80"]
[EventDate "2014.04.25"]
[EventType "swiss"]
[EventRounds "8"]
[EventCountry "ESP"]
[SourceTitle "CBM 160 Extra"]
[Source "ChessBase"]
[SourceDate "2014.07.01"]
[SourceVersion "1"]
[SourceVersionDate "2014.07.01"]
[SourceQuality "1"]

1. d4 d5 2. c4 c6 3. Nc3 Nf6 4. Nf3 g6 5. e3 Bg7 6. cxd5 cxd5 7. Bd3 Nc6 8. 0-0 0-0 9. Rb1 Nb4 10. Ra1 Nxd3 11. Qxd3 Bf5 12. Qb5 Rb8 13. Nh4 a6 14. Qe2 Bg4 15. f3 Bd7 16. g4 g5 17. Ng2 b5 18. b4 a5 19. a3 Qc7 20. Bd2 axb4 21. axb4 Rfc8 22. Rfc1 Qc4 23. Kf2 Qxe2+ 24. Kxe2 Rc4 25. Nd1 Rbc8 26. Nb2 Rc2 27. Nd3 Rxc1 28. Bxc1 Rc2+ 29. Bd2 h5 30. h3 hxg4 31. hxg4 Ne4 32. fxe4 Bxg4+ 33. Ke1 dxe4 34. Ne5 Bxe5 35. dxe5 Bf3 36. Nf4 gxf4 37. exf4 e3 38. Bc1 Rh2 39. Bxe3 Re2+ 40. Kf1 Rxe3 0-1

[Event "Vall del Tenes op 2nd"]
[Site "Vall del Tenes"]
[Date "2013.05.17"]
[Round "6"]
[White "Creixell Robert, Francesc"]
[Black "Viaplana Puigdomenech, Santi"]
[Result "1/2-1/2"]
[WhiteElo "1700"]
[BlackElo "1609"]
[PlyCount "96"]
[EventDate "2013.04.05"]
[EventType "swiss"]
[EventRounds "8"]
[EventCountry "ESP"]
[SourceTitle "EXT 2014"]
[Source "ChessBase"]
[SourceDate "2013.11.20"]
[SourceVersion "1"]
[SourceVersionDate "2013.11.20"]
[SourceQuality "1"]

1. e4 e5 2. Nf3 Nc6 3. Bb5 a6 4. Ba4 Nf6 5. 0-0 Be7 6. Re1 b5 7. Bb3 0-0 8. d4 d6 9. h3 Bb7 10. Nc3 exd4 11. Nxd4 Nxd4 12. Qxd4 c5 13. Qd3 c4 14. Bxc4 bxc4 15. Qxc4 Rc8 16. Qd3 Re8 17. Be3 Nd7 18. f3 Ne5 19. Qe2 Nc4 20. Bd4 Bf6 21. Bxf6 Qxf6 22. Na4 Qd8 23. Qf2 Qc7 24. b3 Ne5 25. Rac1 Rb8 26. Qd2 Re6 27. c4 Rg6 28. Qe2 Rf6 29. Nc3 Qd8 30. Nd5 Bxd5 31. cxd5 Qb6+ 32. Kh1 g5 33. Rc2 Ng6 34. Rc6 Qb5 35. Qb2 Ne5 36. Rc7 Qa5 37. Rec1 Kg7 38. Qc2 Qb5 39. Rc3 h5 40. Qd2 Rg6 41. Kg1 Qb4 42. Qe3 a5 43. Kf1 Qb5+ 44. Ke1 Qb6 45. Qe2 Qg1+ 46. Kd2 Qd4+ 47. Ke1 Qg1+ 48. Kd2 Qd4+ 1/2-1/2

[Event "Vall del Tenes op 2nd"]
[Site "Vall del Tenes"]
[Date "2013.05.10"]
[Round "5"]
[White "Ayats Llobera, Gerard"]
[Black "Creixell Robert, Francesc"]
[Result "1-0"]
[WhiteElo "1652"]
[BlackElo "1700"]
[PlyCount "37"]
[EventDate "2013.04.05"]
[EventType "swiss"]
[EventRounds "8"]
[EventCountry "ESP"]
[SourceTitle "EXT 2014"]
[Source "ChessBase"]
[SourceDate "2013.11.20"]
[SourceVersion "1"]
[SourceVersionDate "2013.11.20"]
[SourceQuality "1"]

1. e4 c5 2. Nf3 d6 3. d4 cxd4 4. Nxd4 Nf6 5. Nc3 a6 6. Be3 e6 7. a4 Be7 8. Be2 Nbd7 9. f4 Qc7 10. 0-0 0-0 11. Bf3 Rb8 12. g4 e5 13. Nf5 Nc5 14. g5 Bxf5 15. gxf6 Bxf6 16. exf5 Qd8 17. Bxc5 dxc5 18. Qxd8 Rfxd8 19. Nd5 1-0

[Event "Vall del Tenes op 2nd"]
[Site "Vall del Tenes"]
[Date "2013.04.19"]
[Round "3"]
[White "Rodriguez Saez, Gerard"]
[Black "Creixell Robert, Francesc"]
[Result "1-0"]
[WhiteElo "1831"]
[BlackElo "1700"]
[PlyCount "105"]
[EventDate "2013.04.05"]
[EventType "swiss"]
[EventRounds "8"]
[EventCountry "ESP"]
[SourceTitle "EXT 2014"]
[Source "ChessBase"]
[SourceDate "2013.11.20"]
[SourceVersion "1"]
[SourceVersionDate "2013.11.20"]
[SourceQuality "1"]

1. e4 e5 2. Nf3 Nc6 3. Bc4 Nf6 4. d4 exd4 5. 0-0 Be7 6. Re1 0-0 7. Nxd4 Ne5 8. Bb3 Bc5 9. Bg5 h6 10. Bh4 Ng6 11. Bg3 d6 12. Nc3 a5 13. a4 Bg4 14. f3 Bc8 15. Bf2 Nh5 16. Be3 Re8 17. Qd2 c6 18. Rad1 Qe7 19. Nf5 Bxe3+ 20. Nxe3 Qg5 21. Nc4 Qxd2 22. Rxd2 d5 23. Nd6 Re7 24. Red1 Be6 25. exd5 cxd5 26. Nxd5 Bxd5 27. Bxd5 Rb8 28. Bb3 Nf6 29. Nc4 Rbe8 30. Nxa5 Nf4 31. Rd8 Rxd8 32. Rxd8+ Kh7 33. Bc4 b6 34. Nc6 Rc7 35. Ne5 Ne6 36. Rd6 Rc5 37. Bd3+ Kg8 38. Nd7 Nxd7 39. Rxd7 Kf8 40. Rd6 Rc8 41. Rxb6 Nc5 42. Bb5 Ne6 43. c3 Rd8 44. a5 Rd1+ 45. Kf2 Rd2+ 46. Ke3 Rxb2 47. a6 Ra2 48. Rb8+ Ke7 49. Rb7+ Kd6 50. a7 Nc7 51. c4 Nxb5 52. cxb5 Kc5 53. b6 1-0

[Event "Vall del Tenes op 2nd"]
[Site "Vall del Tenes"]
[Date "2013.04.12"]
[Round "2"]
[White "Creixell Robert, Francesc"]
[Black "Centelles Vivas, Aleix"]
[Result "1/2-1/2"]
[WhiteElo "1700"]
[BlackElo "1774"]
[PlyCount "115"]
[EventDate "2013.04.05"]
[EventType "swiss"]
[EventRounds "8"]
[EventCountry "ESP"]
[SourceTitle "EXT 2014"]
[Source "ChessBase"]
[SourceDate "2013.11.20"]
[SourceVersion "1"]
[SourceVersionDate "2013.11.20"]
[SourceQuality "1"]

1. e4 e6 2. d4 d5 3. Nc3 Bb4 4. e5 c5 5. a3 Bxc3+ 6. bxc3 Nd7 7. Qg4 g6 8. Nf3 Qe7 9. Bg5 f6 10. Bh4 Nh6 11. exf6 Nxg4 12. fxe7 Ngf6 13. Ne5 Nxe5 14. Bxf6 Nf7 15. Bb5+ Bd7 16. Bxd7+ Kxd7 17. Bxh8 Rxh8 18. Rb1 Rb8 19. dxc5 Kxe7 20. a4 Nd8 21. Kd2 Rc8 22. f4 Rxc5 23. Rb5 Rc7 24. g3 Nf7 25. Re1 Kd7 26. Kd3 Nd6 27. Rb4 Ne4 28. c4 a5 29. Rb5 Nc5+ 30. Kd4 Nxa4 31. cxd5 Rxc2 32. dxe6+ Ke8 33. Rxb7 Rd2+ 34. Kc4 Rc2+ 35. Kb3 Rb2+ 36. Kxa4 Rxb7 37. Re2 Ke7 38. Kxa5 Rb1 39. h3 Rb3 40. g4 Rxh3 41. f5 gxf5 42. gxf5 Rf3 43. Rh2 Rxf5+ 44. Kb4 h5 45. Kc4 Kxe6 46. Kd4 Kf6 47. Ke4 Kg6 48. Rg2+ Kf6 49. Rh2 Ra5 50. Kf4 Ra4+ 51. Kg3 Kg5 52. Rg2 Rg4+ 53. Kh2 Kf4 54. Rxg4+ hxg4 55. Kg2 g3 56. Kg1 Kg4 57. Kg2 Kh4 58. Kg1 1/2-1/2